Statistics for Food to Country

Click here to take the quiz!

General Stats

  • This quiz has been taken 17 times
  • The average score is 3 of 15

Answer Stats

FoodCountry% Correct
CheeseFrance
79%
ChocolateSwitzerland
57%
WinePortugal
29%
VegetablesSouth Korea
29%
TeaTurkey
29%
SodaArgentina
21%
BeerCzech Republic
14%
FruitDominican
Republic
14%
CoffeeFinland
14%
MeatIsrael
14%
RiceLaos
7%
SeafoodMaldives
7%
IcecreamNew Zealand
7%
MilkBelarus
0%
BeansRwanda
0%

Score Distribution

Percentile by Number Answered

Percent of People with Each Score

Your Score History

You have not taken this quiz